000 00222 a2200097 4500
001 59820
100 _a
245 _aRomance of the Khyber Pass
260 _aLahore
_bSang-e-meel Publications
_c1997
090 _c36659
_d36659
942 _aNUST-CAE
_c
_c29623
999 _c294893
_d294893